1919 1258 2000 1517 1380 1204 1987 1509 1731 1151 1188 1983 1082 1875 1926 1456 1442 1581 1796 1582 1598 1932 1491 1946 1549 1431 1192 1140 1899 1585 1395 1668 1754 1279 1347 1726 1648 1529 1097 1360 1572 1384 1205 1039 1539 1928 1665 1772 1845 1970 1913 1136 1352 1699 1141 1096 1850 1478 1003 1159 1142 1477 1683 1226 1300 1719 1891 1773 1521 1693 1530 1376 1269 1435 1372 1817 1681 1321 1542 1891 1744 1054 1465 1878 1298 1649 1360 1208 1879 1903 1237 1765 1012 1282 1633 1396 1783 1010 1277 BCNSPRNW ULIB Ver.6.0+V

เปลี่ยนเป็นภาษาไทย

Change to English
 แสดงรายละเอียดบรรณานุกรม
  กลับหน้าหลัก

Brief Record : Get Marc (ISO 2709) : E-mail record : QR code < ปิดหน้าต่าง
LEADER : 00000nam 2200000uu 4500
001    13399114427
003     ULIB
008    110627s||||||||th 000 0 tha d
020    9786167430089
098    นว.^bช324บ
100 0  ช่อศลาญา
245 00 บุพเพเล่ห์ทราย/^cช่อศลาญา
250    พิมพ์ครั้งที่ 1
260    กรุงเทพฯ :^bSimply Book-Love&Desire,^c2554
300    426 หน้า
710 1  Simply Book-Love&Desire
945    ^p295^l0^i031537
995    ทศพร
999 ^a ใช้งานได้ทุกระบบ
รายการนี้ยังไม่มีแท็ก
คุณยังไม่ได้ล็อกอิน คุณสามารถมีกิจกรรมร่วมกับเว็บไซต์ได้ แต่ต้องล็อกอินก่อน ::
  ล็อกอิน

รายการสื่อสารสนเทศ

ลำดับที่ ประเภท เลขเรียก/บาร์โค้ด สถานที่ สถานะ
1. นวนิยาย
นวนิยาย
 ฉ.1 
  Barcode: 031537
ห้องสมุดวิทยาเขตสวรรค์ประชารักษ์
►นวนิยาย
บนชั้น
  ขอยืม

BibComment


ยังไม่เคยถูกคอมเมนท์

คอมเมนท์ทรัพยากรรายการนี้
  คอมเมนท์: บุพเพเล่ห์ทราย ช่..


 Copyright 2026. Bcnsprnw @Library